| 000 | 00932nam a2200181Ia 4500 | ||
|---|---|---|---|
| 008 | 090124s9999 xx 000 0 und d | ||
| 082 | _b46961 | ||
| 100 | _aवडगबाळकर श्रुती श्री | ||
| 245 | _a मराठीतील स्त्री - आत्मचरित्रांचा सामाजिक अंगाने अभ्यास | ||
| 250 | _a1 | ||
| 260 | _c2006 | ||
| 300 | _a275+14 | ||
| 600 | _aवडगबाळकर श्रुती श्री | ||
| 630 | _a मराठीतील स्त्री - आत्मचरित्रांचा सामाजिक अंगाने अभ्यास | ||
| 700 | _aवडगबाळकर श्रुती श्री | ||
| 730 | _a मराठीतील स्त्री - आत्मचरित्रांचा सामाजिक अंगाने अभ्यास | ||
| 942 | _cBOOK | ||
| 999 |
_c113189 _d113189 |
||